Cloud security and privacy: An enterprise perspective on risks and compliance (Record no. 1567)
[ view plain ]
| 000 -LEADER | |
|---|---|
| fixed length control field | 00483nam a2200157Ia 4500 |
| 008 - FIXED-LENGTH DATA ELEMENTS--GENERAL INFORMATION | |
| fixed length control field | 130318s9999 xx 000 0 und d |
| 020 ## - INTERNATIONAL STANDARD BOOK NUMBER | |
| International Standard Book Number | 9788184048155 |
| 082 ## - DEWEY DECIMAL CLASSIFICATION NUMBER | |
| Classification number | 006.782 2 MAT/C |
| 100 ## - MAIN ENTRY--PERSONAL NAME | |
| Personal name | Mather, Tim |
| 245 ## - TITLE STATEMENT | |
| Title | Cloud security and privacy: An enterprise perspective on risks and compliance |
| 260 ## - PUBLICATION, DISTRIBUTION, ETC. | |
| Name of publisher, distributor, etc. | O'reilly/Shroff Publishers and Distributors |
| Place of publication, distribution, etc. | Beijing |
| Date of publication, distribution, etc. | 2009 |
| 300 ## - PHYSICAL DESCRIPTION | |
| Extent | 312 |
| 650 ## - SUBJECT ADDED ENTRY--TOPICAL TERM | |
| Topical term or geographic name entry element | CLOUD COMPUTING |
| 700 ## - ADDED ENTRY--PERSONAL NAME | |
| Personal name | Kumaraswamy, Subra |
| 700 ## - ADDED ENTRY--PERSONAL NAME | |
| Personal name | Latif, Shahed |
| Withdrawn status | Lost status | Source of classification or shelving scheme | Damaged status | Not for loan | Collection code | Home library | Current library | Shelving location | Date acquired | Cost, normal purchase price | Total Checkouts | Full call number | Barcode | Date last seen | Date last checked out | Price effective from | Koha item type |
|---|---|---|---|---|---|---|---|---|---|---|---|---|---|---|---|---|---|
| Dewey Decimal Classification | Non Fiction | Kerala University of Digital Sciences, Innovation and Technology Knowledge Centre | Kerala University of Digital Sciences, Innovation and Technology Knowledge Centre | Computer Science | 18/03/2013 | 319.00 | 5 | 006.782 2 MAT/C | 1577 | 04/12/2017 | 20/10/2017 | 18/03/2013 | Books | ||||
| Dewey Decimal Classification | Non Fiction | Kerala University of Digital Sciences, Innovation and Technology Knowledge Centre | Kerala University of Digital Sciences, Innovation and Technology Knowledge Centre | Computer Science | 19/02/2022 | 694.00 | 006.782 2 MAT/C;1 | 5884 | 19/02/2022 | 19/02/2022 | Books |